Unanswerable Questions - Statistics

General Stats
  • This quiz has been taken 28 times
  • The average score is 2 of 30
Answer Stats
Question Answer? % Correct
Do infants enjoy infancy as much as adults enjoy adultery? Probably not?
100%
Can you be arrested for selling illegal-sized paper? Yes?
41%
If pro is the opposite of con, and progress is moving forward, what is congress? Moving backward?
26%
Before they invented drawing boards, what did they go back to? Sand or dirt?
26%
How young can you die of old age? 65?
11%
Will your answer to this question be no? Maybe?
11%
How much sin can I get away with and still go to heaven? None?
11%
If you choke a Smurf, what color will it turn? Tan?
4%
If all the nations in the world are in debt, where did all the money go? To me?
4%
If man evolved from monkeys and apes, why are there still monkeys and apes? We didn't?
4%
If swimming's such good exercise, how come whales are so fat? Because nature?
0%
If the number 2 pencil is the most popular, why is it still number 2? Because number 1 was taken?
0%
Why do we drive on parkways and park on driveways? Because we can?
0%
If you're born again, do you have two belly buttons? Do you?
0%
Why doesn't Tarzan have a beard? He's actually a woman?
0%
Why is the man who invests all your money called a broker? He's already broke himself?
0%
How can you tell when sour cream goes bad? If it looks bad?
0%
Isn't it a bit unnerving that doctors call what they do "practice?" It kinda does?
0%
Why do irons have a setting for permanent press? It's misleading?
0%
If a drug store is open 24 hours, why are there locks on the doors? Marco?
0%
If you steal a clean slate, does it go on your record? Perhaps?
0%
If you ate pasta and anti-pasta, would you still be hungry? Possibly?
0%
If you throw a kitten out of a moving car, would it be considered kitty litter? Sure?
0%
Why is the time of day with the slowest traffic called rush hour? To confuse you?
0%
Why are they called apartments when they are all stuck together? Togetherments just sounds weird?
0%
Is there another word for synonym? Unantonym?
0%
Why isn't there mouse-flavored cat food? Where's Waldo?
0%
If you were going to shoot a mime, would you use a silencer? Who cares?
0%
Why is it that to stop Windows 98, you have to click on "Start"? Why do you have Windows 98?
0%
If you try to fail, and succeed, which have you done? You succeeded at failing?
0%
No matching quizzes found
Score Distribution
Percent of People with Each Score
Percentile by Number Answered
Your Score History
You have not taken this quiz